| 000 | 00358nam a2200133Ia 4500 | ||
|---|---|---|---|
| 008 | 190216s9999||||xx |||||||||||||| ||und|| | ||
| 100 | _aSubhash Chandra Rastogi And Satish Kumar Agarwala | ||
| 245 | 0 | _aChemistry Of Paper Elements | |
| 250 | _a7th Ed. | ||
| 260 |
_bPragathi Prakashan _c1966 |
||
| 300 | _a308 | ||
| 650 | _aChemistry-Chemistry | ||
| 942 | _cBK | ||
| 999 |
_c2245 _d2245 |
||